Бхагавадгита (Запись № 11412744)

Подробности
000 -МАРКЕР
контрольное поле 01535nam0a2200385 4500
001 - ИДЕНТИФИКАТОР ЗАПИСИ
контрольное поле RU\NLR\BIBL_A\011099602
005 - ИДЕНТИФИКАТОР ВЕРСИИ
контрольное поле 20260409080716.0
010 ## - МЕЖДУНАРОДНЫЙ СТАНДАРТНЫЙ НОМЕР КНИГИ (ISBN)
Номер (ISBN) 978-5-386-09240-5
021 ## - НОМЕР ГОСУДАРСТВЕННОЙ РЕГИСТРАЦИИ
Код страны российская федерация
Номер 2016-23426
Номер Листа государственной регистраци 1483
035 ## - ДРУГИЕ СИСТЕМНЫЕ НОМЕРА
Идентификатор записи (NILC)RuMoRGB-008256324
035 ## - ДРУГИЕ СИСТЕМНЫЕ НОМЕРА
Идентификатор записи (NLR Aleph) 011099602
100 ## - ДАННЫЕ ОБЩЕЙ ОБРАБОТКИ
Данные общей обработки 20160411d2016 |||y0rusy50 ca
101 1# - ЯЗЫК РЕСУРСА
Язык текста, звукозаписи и т.д. русский
-- санскрит
Язык оригинала санскрит
102 ## - СТРАНА ПУБЛИКАЦИИ ИЛИ ПРОИЗВОДСТВА
Страна публикации российская федерация
105 ## - ПОЛЕ КОДИРОВАННЫХ ДАННЫХ: ТЕКСТОВЫЕ МАТЕРИАЛЫ, МОНОГРАФИЧЕСКИЕ
Кодированные данные о монографическом текстовом документе ah||w|||001yy
200 1# - ЗАГЛАВИЕ И СВЕДЕНИЯ ОБ ОТВЕТСТВЕННОСТИ
Основное заглавие Бхагавадгита
Сведения, относящиеся к заглавию [пер. с санскрита Д. Бурбы]
210 ## - ПУБЛИКАЦИЯ, РАСПРОСТРАНЕНИЕ И ДР.
Место издания, распространения и т.д. Москва
Имя издателя, распространителя и т. д. РИПОЛ классик
Дата издания, распространения и т.д. 2016
215 ## - ФИЗИЧЕСКАЯ ХАРАКТЕРИСТИКА
Специфическое обозначение материала и объем 558 с.
Другие сведения о физической характеристике ил., факс.
Размеры 24
225 1# - СЕРИЯ
Основное заглавие серии Подарочная полка
300 ## - ОБЩИЕ ПРИМЕЧАНИЯ
Текст примечания Текст на рус. яз. и санскрите
320 ## - ПРИМЕЧАНИЯ О НАЛИЧИИ В ДОКУМЕНТЕ БИБЛИОГРАФИИ / УКАЗАТЕЛЯ
Текст примечания Библиогр.: с. 557-558 и в тксте примеч.: с. 363-520
320 ## - ПРИМЕЧАНИЯ О НАЛИЧИИ В ДОКУМЕНТЕ БИБЛИОГРАФИИ / УКАЗАТЕЛЯ
Текст примечания Алф. указ.: с. 527-544
500 ## - УНИФИЦИРОВАННОЕ ЗАГЛАВИЕ
Унифицированное заглавие Махабхарата
Наименование раздела или части Бхагавадгита
Идентификатор авторитетной / нормативной записи RU\NLR\AUTH\559115
Системный номер авторитетной/нормативной записи 2631163
605 ## - ЗАГЛАВИЕ КАК ПРЕДМЕТ
Начальный элемент ввода "Бхагавадгита"
Сведения, относящиеся к заглавию / сведения о виде, жанре, характере документа философско-литературный памятник санскритской литературы
Системный номер авторитетной/нормативной записи 1216652
Идентификатор авторитетной/нормативной записи RU\NLR\AUTH\66176201
686 1# - ИНДЕКСЫ ДРУГИХ КЛАССИФИКАЦИЙ
Индекс Ю3(5Ид)3-203
686 2# - ИНДЕКСЫ ДРУГИХ КЛАССИФИКАЦИЙ
Индекс Э331-260.9
702 #1 - ИМЯ ЛИЦА - ВТОРИЧНАЯ ОТВЕТСТВЕННОСТЬ
Начальный элемент ввода Бурба
Часть имени, кроме начального элемента ввода Д. В.
Расширение инициалов личного имени Дмитрий Викторович
Код отношения Переводчик
801 #0 - ИСТОЧНИК ЗАПИСИ
Страна российская федерация
Организация РГБ
Дата составления 20160324
Правила каталогизации RCR
942 ## - ДОПОЛНИТЕЛЬНЫЕ ЭЛЕМЕНТЫ ЗАПИСИ (АБИС)
Тип экземпляра АБИС Книга
980 ## - КОЛЛЕКЦИЯ
Название коллекции Национальная библиография
Экземпляры
Тип экземпляра Дата поступления Источник поступления Стоимость Библиотека постоянного хранения Библиотека текущего хранения Место хранения Шифр хранения Штрих-код Статус не для выдачи
Книга 11.04.2016 Обязательный экземпляр 0.00 РНБ (Московский) РНБ (Московский) Фонд литературы на языках стран Азии и Африки ОЛСАА 1-1381686  
Книга 11.04.2016 Обязательный экземпляр 0.00 РНБ (Московский) РНБ (Московский) Фонд литературы на языках стран Азии и Африки, подручный   1-1381687